|
|
|
|
| LEADER |
02120nam a22003973i 4500 |
| 001 |
EBC30353062 |
| 003 |
MiAaPQ |
| 005 |
20231204023229.0 |
| 006 |
m o d | |
| 007 |
cr cnu|||||||| |
| 008 |
231204s2022 xx o ||||0 eng d |
| 020 |
|
|
|a 9781478092735
|q (electronic bk.)
|
| 020 |
|
|
|z 9781478006749
|
| 035 |
|
|
|a (MiAaPQ)EBC30353062
|
| 035 |
|
|
|a (Au-PeEL)EBL30353062
|
| 035 |
|
|
|a (OCoLC)1370497537
|
| 040 |
|
|
|a MiAaPQ
|b eng
|e rda
|e pn
|c MiAaPQ
|d MiAaPQ
|
| 050 |
|
4 |
|a E184
|
| 082 |
0 |
|
|a 305.86872079466
|
| 100 |
1 |
|
|a Herrera, Juan.
|
| 245 |
1 |
0 |
|a Cartographic Memory :
|b Social Movement Activism and the Production of Space.
|
| 250 |
|
|
|a 1st ed.
|
| 264 |
|
1 |
|a Durham :
|b Duke University Press,
|c 2022.
|
| 264 |
|
4 |
|c Ã2022.
|
| 300 |
|
|
|a 1 online resource (265 pages)
|
| 336 |
|
|
|a text
|b txt
|2 rdacontent
|
| 337 |
|
|
|a computer
|b c
|2 rdamedia
|
| 338 |
|
|
|a online resource
|b cr
|2 rdacarrier
|
| 505 |
0 |
|
|a Cover -- Contents -- Acknowledgments -- Introduction. Putting Fruitvale on the "Map" -- 1. Making Place -- 2. The Other Minority -- 3. Revolution Interrupted -- 4. Development for the People! -- 5. Mapping Interlinkages -- Conclusion. Activism in Space-Time -- Notes -- References -- Index -- A -- B -- C -- D -- E -- F -- G -- H -- I -- J -- K -- L -- M -- N -- O -- P -- Q -- R -- S -- T -- U -- V -- W -- Y -- Z.
|
| 520 |
|
|
|a Juan Herrera maps 1960s Chicano Movement activism in the Latinx neighborhood of Fruitvale in Oakland, California, showing how activists there constructed a politics forged through productions of space.
|
| 588 |
|
|
|a Description based on publisher supplied metadata and other sources.
|
| 590 |
|
|
|a Electronic reproduction. Ann Arbor, Michigan : ProQuest Ebook Central, 2023. Available via World Wide Web. Access may be limited to ProQuest Ebook Central affiliated libraries.
|
| 655 |
|
4 |
|a Electronic books.
|
| 776 |
0 |
8 |
|i Print version:
|a Herrera, Juan
|t Cartographic Memory
|d Durham : Duke University Press,c2022
|z 9781478006749
|
| 797 |
2 |
|
|a ProQuest (Firm)
|
| 856 |
4 |
0 |
|u https://ebookcentral.proquest.com/lib/matrademy/detail.action?docID=30353062
|z Click to View
|